[Event "Catalunya-chT Gp1"]
[Site "Barcelona"]
[Date "2024.03.02"]
[Round "7.9"]
[White "Gonzalez Cuervo, Eloy"]
[Black "Garcia Acosta, Roger"]
[Result "0-1"]
[WhiteElo "2029"]
[BlackElo "2068"]
[PlyCount "82"]
[EventDate "2024.01.20"]
[EventType "team-tourn"]
[EventRounds "7"]
[EventCountry "ESP"]
[SourceTitle "CBM 219 Extra"]
[Source "ChessBase"]
[SourceDate "2024.05.31"]
[SourceVersion "1"]
[SourceVersionDate "2024.05.31"]
[SourceQuality "1"]
[WhiteTeam "Terrassa"]
[BlackTeam "Cerdanyola Valles"]
[WhiteTeamCountry "ESP"]
[BlackTeamCountry "ESP"]

1. e4 e5 2. Nf3 Nc6 3. Bc4 Nf6 4. Ng5 d5 5. exd5 Na5 6. Bb5+ c6 7. dxc6 bxc6 8. Qf3 Be7 9. Bd3 0-0 10. Nc3 h6 11. h4 Rb8 12. Bf5 c5 13. Nce4 g6 14. Nxf6+ Bxf6 15. Bxc8 Rxc8 16. Ne4 Bg7 17. g4 Nc6 18. Qg2 Nd4 19. Kd1 Ne6 20. a4 Nf4 21. Qf3 c4 22. Ra3 a5 23. h5 g5 24. Ng3 Qc7 25. Qe4 Rfd8 26. Re1 Rd4 27. Qf3 Rcd8 28. Nf5 R4d5 29. Re4 Bf8 30. Rae3 Qd7 31. Ke1 Qxa4 32. Kf1 Qxc2 33. Rc3 Qb1 34. Kg1 Rxd2 35. Kh2 Rxf2+ 36. Qxf2 Qxe4 37. Qc2 Rd3 38. Ng3 Qf3 39. Rxd3 cxd3 40. Qd2 Bb4 41. Qe3 Qg2# 0-1

[Event "Catalunya-chT Gp1"]
[Site "Barcelona"]
[Date "2024.02.17"]
[Round "5.10"]
[White "Romeu Viladot, Emili"]
[Black "Gonzalez Cuervo, Eloy"]
[Result "0-1"]
[WhiteElo "1941"]
[BlackElo "2029"]
[PlyCount "48"]
[EventDate "2024.01.20"]
[EventType "team-tourn"]
[EventRounds "7"]
[EventCountry "ESP"]
[SourceTitle "CBM 219 Extra"]
[Source "ChessBase"]
[SourceDate "2024.05.31"]
[SourceVersion "1"]
[SourceVersionDate "2024.05.31"]
[SourceQuality "1"]
[WhiteTeam "Tres Peons"]
[BlackTeam "Terrassa"]
[WhiteTeamCountry "ESP"]
[BlackTeamCountry "ESP"]

1. d4 d5 2. c4 e6 3. Nc3 Be7 4. cxd5 exd5 5. Bf4 Nf6 6. Qc2 c5 7. dxc5 Nc6 8. e3 0-0 9. Nf3 Ne4 10. Rd1 Nb4 11. Qc1 Qa5 12. a3 Na2 13. b4 Nxb4 14. axb4 Qxb4 15. Be5 Bf6 16. Bxf6 gxf6 17. Rd3 Nxc5 18. Rd4 Qa5 19. Nd2 Be6 20. Qb2 Rac8 21. Nxd5 Qd8 22. Nxf6+ Qxf6 23. Rg4+ Bxg4 24. Qxf6 Nd3+ 0-1

[Event "Catalunya-chT Gp1"]
[Site "Barcelona"]
[Date "2024.01.27"]
[Round "2.10"]
[White "Gonzalez Cuervo, Eloy"]
[Black "Jareno Badenas, Aleix"]
[Result "0-1"]
[WhiteElo "2029"]
[BlackElo "2122"]
[PlyCount "110"]
[EventDate "2024.01.20"]
[EventType "team-tourn"]
[EventRounds "7"]
[EventCountry "ESP"]
[SourceTitle "CBM 218 Extra"]
[Source "ChessBase"]
[SourceDate "2024.03.31"]
[SourceVersion "1"]
[SourceVersionDate "2024.03.31"]
[SourceQuality "1"]
[WhiteTeam "Terrassa"]
[BlackTeam "Colon Sabadell"]
[WhiteTeamCountry "ESP"]
[BlackTeamCountry "ESP"]

1. e4 e6 2. d4 d5 3. exd5 exd5 4. Bd3 Bd6 5. c4 dxc4 6. Bxc4 Nf6 7. Ne2 0-0 8. Qd3 Bg4 9. 0-0 Nc6 10. Be3 Nb4 11. Qd2 Ne4 12. Qc1 Qh4 13. Ng3 Be6 14. Bxe6 fxe6 15. Nc3 Nd3 16. Qc2 Nxc3 17. bxc3 Nf4 18. Bxf4 Qxf4 19. Qb3 Rae8 20. Rae1 Rf6 21. Re4 Qd2 22. Re2 Qf4 23. Rfe1 b6 24. f3 Kf7 25. d5 e5 26. Nh5 Qh4 27. Nxf6 gxf6 28. Re4 Qh6 29. Qa4 Re7 30. Rh4 Qg6 31. Rg4 Qh5 32. Rh4 Qg6 33. Qg4 Qc2 34. h3 Bc5+ 35. Kh2 Bf2 36. Re4 Bxh4 37. Qxh4 Qxc3 38. Qh5+ Kf8 39. Rg4 Qd2 40. Qf5 Qxd5 41. Qxf6+ Ke8 42. Qh8+ Kd7 43. a4 Qd6 44. Re4 a6 45. Qg8 b5 46. Qb3 Kc6 47. Kh1 Kb6 48. Qc3 c5 49. a5+ Kc6 50. Qe3 Kd7 51. Qg5 Qd1+ 52. Kh2 Qd6 53. Qg4+ Qe6 54. Qh4 Rg7 55. f4 Qa2 0-1

[Event "Catalunya-chT Gp1"]
[Site "Barcelona"]
[Date "2024.01.20"]
[Round "1.10"]
[White "Gonzalez Cuervo, Eloy"]
[Black "Minguez Rodriguez, Raul"]
[Result "1-0"]
[WhiteElo "2029"]
[BlackElo "2183"]
[PlyCount "77"]
[EventDate "2024.01.20"]
[EventType "team-tourn"]
[EventRounds "7"]
[EventCountry "ESP"]
[SourceTitle "CBM 218 Extra"]
[Source "ChessBase"]
[SourceDate "2024.03.31"]
[SourceVersion "1"]
[SourceVersionDate "2024.03.31"]
[SourceQuality "1"]
[WhiteTeam "Terrassa"]
[BlackTeam "Ateneu Colon"]
[WhiteTeamCountry "ESP"]
[BlackTeamCountry "ESP"]

1. e4 e5 2. Nf3 Nc6 3. Bc4 Bc5 4. b4 Bxb4 5. c3 Be7 6. d4 Na5 7. Bd3 d6 8. dxe5 dxe5 9. Nxe5 Nf6 10. Qa4+ c6 11. Qc2 Be6 12. Nd2 Qc7 13. Nef3 h6 14. 0-0 Rd8 15. Nd4 Bc8 16. f4 0-0 17. N2f3 c5 18. Nb5 Qb8 19. c4 Nc6 20. Qe2 a6 21. Nc3 Bg4 22. e5 Nd4 23. Qe3 Bxf3 24. gxf3 Nh5 25. Qe4 f5 26. exf6 Nxf6 27. Qxe7 b6 28. Ne4 Rf7 29. Nxf6+ gxf6 30. Qe1 f5 31. Kh1 Qb7 32. Qg3+ Rg7 33. Qh3 Rd6 34. Bb2 Nxf3 35. Qxf3 Rxd3 36. Qxb7 Rxb7 37. Rg1+ Kh7 38. Rae1 Rd2 39. Ba1 1-0

[Event "Catalunya-chT Gp1"]
[Site "Barcelona"]
[Date "2022.03.12"]
[Round "8.9"]
[White "Gonzalez Cuervo, Eloy"]
[Black "Romero Calderon, Juan"]
[Result "0-1"]
[WhiteElo "2017"]
[BlackElo "2086"]
[PlyCount "114"]
[EventDate "2022.01.22"]
[EventType "team-tourn"]
[EventRounds "9"]
[EventCountry "ESP"]
[SourceTitle "CBM 208 Extra"]
[Source "ChessBase"]
[SourceDate "2022.07.31"]
[SourceVersion "1"]
[SourceVersionDate "2022.07.31"]
[SourceQuality "1"]
[WhiteTeam "Terrassa"]
[BlackTeam "Sant Cugat"]
[WhiteTeamCountry "ESP"]
[BlackTeamCountry "ESP"]

1. e4 e6 2. d4 d5 3. exd5 exd5 4. Bd3 Bd6 5. c4 c6 6. Nc3 Ne7 7. c5 Bc7 8. Qh5 g6 9. Qh6 Bf5 10. Be2 Ng8 11. Qg7 Qf6 12. Bh6 Nd7 13. Qxf6 Ngxf6 14. f3 0-0-0 15. g4 Be6 16. Nh3 Rhe8 17. Kf2 Ng8 18. Bd2 h5 19. Nf4 hxg4 20. fxg4 Ndf6 21. Nxe6 Rxe6 22. Bf3 Ne4+ 23. Bxe4 dxe4 24. Be3 f5 25. gxf5 gxf5 26. Ne2 Nf6 27. Bg5 Ng4+ 28. Ke1 Rg8 29. Bf4 Re7 30. Rg1 Rh7 31. Bxc7 Kxc7 32. Kd2 Rxh2 33. Raf1 Rg5 34. Rf4 Kd7 35. b4 Ke6 36. Rgf1 Nf6 37. R4f2 e3+ 38. Kxe3 Ng4+ 39. Kf4 Nxf2 40. d5+ cxd5 41. Nd4+ Kf6 42. Nf3 Rg4+ 43. Ke3 d4+ 44. Ke2 Re4+ 45. Kd2 Rg2 46. b5 Ng4+ 47. Kd3 Ne5+ 48. Nxe5 Kxe5 49. c6 bxc6 50. bxc6 Rg3+ 51. Kc4 Rc3+ 52. Kb5 Re2 53. a4 d3 54. Rf3 Ke4 55. Rh3 Rec2 56. Rh6 d2 57. Rd6 Rd3 0-1

[Event "Catalunya-chT Gp1"]
[Site "Barcelona"]
[Date "2022.02.12"]
[Round "4.9"]
[White "Delgado Pico, Lluis"]
[Black "Gonzalez Cuervo, Eloy"]
[Result "0-1"]
[WhiteElo "1989"]
[BlackElo "2017"]
[PlyCount "96"]
[EventDate "2022.01.22"]
[EventType "team-tourn"]
[EventRounds "9"]
[EventCountry "ESP"]
[SourceTitle "CBM 208 Extra"]
[Source "ChessBase"]
[SourceDate "2022.07.31"]
[SourceVersion "1"]
[SourceVersionDate "2022.07.31"]
[SourceQuality "1"]
[WhiteTeam "Gramenet"]
[BlackTeam "Terrassa"]
[WhiteTeamCountry "ESP"]
[BlackTeamCountry "ESP"]

1. d4 d5 2. Bf4 c5 3. e3 Nc6 4. Nc3 a6 5. Nf3 e6 6. a3 Nf6 7. Be2 Be7 8. h3 b5 9. 0-0 0-0 10. Nb1 Bb7 11. Nbd2 Qb6 12. c3 c4 13. Re1 Ne4 14. Nxe4 dxe4 15. Nd2 f5 16. f3 exf3 17. Nxf3 Bf6 18. a4 e5 19. dxe5 Nxe5 20. Nd4 Be4 21. b3 Rac8 22. axb5 axb5 23. bxc4 bxc4 24. Qa4 Kh8 25. Qa5 Qxa5 26. Rxa5 Nd3 27. Rd1 Bxd4 28. cxd4 c3 29. Bxd3 Bxd3 30. Ra7 c2 31. Rc1 Kg8 32. Kf2 Be4 33. g3 Rf7 34. Rxf7 Kxf7 35. Ke2 Ke6 36. Kd2 Ra8 37. h4 Kd5 38. Kc3 Rc8+ 39. Kd2 Ra8 40. Kc3 Ra3+ 41. Kd2 Kc4 42. Be5 g6 43. Bf6 Kb3 44. Be5 Ra6 45. Bg7 Rc6 46. Be5 Rc3 47. Re1 Rd3+ 48. Kc1 Bf3 0-1

[Event "Sitges Sunway online op"]
[Site "Chess.com INT"]
[Date "2020.04.26"]
[Round "8"]
[White "Gonzalez Cuervo, Eloy"]
[Black "Jordan, Valence"]
[Result "0-1"]
[WhiteElo "2017"]
[BlackElo "1760"]
[PlyCount "61"]
[EventDate "2020.04.19"]
[EventType "swiss"]
[EventRounds "9"]
[EventCountry "ESP"]
[SourceTitle "EXT 2021"]
[Source "ChessBase"]
[SourceDate "2020.10.23"]
[SourceVersion "1"]
[SourceVersionDate "2020.10.23"]
[SourceQuality "1"]

1. e4 c6 2. d4 d5 3. exd5 cxd5 4. c4 Nc6 5. Nc3 Nf6 6. Bg5 Be6 7. c5 Qa5 8. Bxf6 exf6 9. a3 Qd8 10. b4 a6 11. Na4 g6 12. Ne2 Bg7 13. Nb6 Rb8 14. Qb3 0-0 15. g3 Re8 16. Rd1 Qe7 17. f3 f5 18. Kf2 f4 19. Qc3 g5 20. Bg2 Rbd8 21. a4 Bf5 22. Rhe1 Qe3+ 23. Qxe3 fxe3+ 24. Kg1 Nxb4 25. Rf1 Bc2 26. Rc1 Bd3 27. Rb1 Nc2 28. Rb2 Bxe2 29. Rxc2 Bd3 30. Rcc1 Bxd4 31. Rce1 0-1

[Event "Barcelona Martorell-ch 37th"]
[Site "Barcelona"]
[Date "2019.10.12"]
[Round "5"]
[White "Nieto Farreny, Francesc"]
[Black "Gonzalez Cuervo, Eloy"]
[Result "0-1"]
[WhiteElo "2232"]
[BlackElo "2082"]
[PlyCount "92"]
[EventDate "2019.09.14"]
[EventType "swiss"]
[EventRounds "9"]
[EventCountry "ESP"]
[SourceTitle "CBM 193 Extra"]
[Source "ChessBase"]
[SourceDate "2020.01.31"]
[SourceVersion "1"]
[SourceVersionDate "2020.01.31"]
[SourceQuality "1"]

1. d4 d5 2. c4 e6 3. g3 Nf6 4. Bg2 Be7 5. Nf3 0-0 6. 0-0 c5 7. cxd5 exd5 8. Nc3 h6 9. dxc5 Bxc5 10. b3 Be6 11. Bb2 a6 12. Nd4 Nc6 13. Na4 Ba7 14. Nxc6 bxc6 15. Rc1 Bd7 16. Qd3 Qe7 17. e3 Rfd8 18. Qc3 Rac8 19. b4 a5 20. bxa5 d4 21. exd4 Nd5 22. Qd2 Bf5 23. Nc5 Qf6 24. Rfe1 Rb8 25. Ba3 h5 26. Re5 Rbc8 27. h4 Bb8 28. Ree1 Nc7 29. Nb3 Ne6 30. Bb2 g5 31. Rxe6 Qxe6 32. Qxg5+ Qg6 33. Qe3 Re8 34. Qc3 Re2 35. Nd2 Bd3 36. Nf1 Qf5 37. f4 Bxf4 38. gxf4 Qxf4 39. Qe1 Rxe1 40. Rxe1 Rb8 41. Bc1 Qxh4 42. Rd1 Bxf1 43. Kxf1 Rb1 44. Kg1 Qg3 45. Kh1 Qc3 46. Rg1 Rxc1 0-1

[Event "Barcelona Sant Marti op 21st"]
[Site "Barcelona"]
[Date "2019.07.17"]
[Round "5"]
[White "Lornye, Pylyp"]
[Black "Gonzalez Cuervo, Eloy"]
[Result "1-0"]
[WhiteElo "2283"]
[BlackElo "2049"]
[PlyCount "57"]
[EventDate "2019.07.13"]
[EventType "swiss"]
[EventRounds "9"]
[EventCountry "ESP"]
[SourceTitle "EXT 2020"]
[Source "ChessBase"]
[SourceDate "2019.10.17"]
[SourceVersion "1"]
[SourceVersionDate "2019.10.17"]
[SourceQuality "1"]

1. Nf3 d5 2. g3 c5 3. Bg2 Nc6 4. 0-0 e5 5. d3 Nf6 6. e4 Be7 7. exd5 Nxd5 8. Re1 f6 9. Nc3 Be6 10. Nh4 Nxc3 11. bxc3 Qd7 12. Qh5+ Bf7 13. Qf3 0-0-0 14. Nf5 Bf8 15. Ne3 h5 16. h4 Be6 17. a4 g5 18. a5 a6 19. Nc4 Qe7 20. hxg5 fxg5 21. Nxe5 Bd7 22. Bd2 Qg7 23. Nxd7 Rxd7 24. Re8+ Kc7 25. Rb1 Qg6 26. Rxf8 Rxf8 27. Qxf8 h4 28. Qxc5 hxg3 29. fxg3 1-0

[Event "Barcelona Sant Marti op 21st"]
[Site "Barcelona"]
[Date "2019.07.16"]
[Round "4"]
[White "Gonzalez Cuervo, Eloy"]
[Black "Deodhar, Vrushali Umesh"]
[Result "1-0"]
[WhiteElo "2049"]
[BlackElo "1770"]
[PlyCount "89"]
[EventDate "2019.07.13"]
[EventType "swiss"]
[EventRounds "9"]
[EventCountry "ESP"]
[SourceTitle "EXT 2020"]
[Source "ChessBase"]
[SourceDate "2019.10.17"]
[SourceVersion "1"]
[SourceVersionDate "2019.10.17"]
[SourceQuality "1"]

1. e4 e6 2. d4 d5 3. exd5 exd5 4. c4 c6 5. Bd3 Bd6 6. Nc3 Ne7 7. c5 Bc7 8. Qh5 g6 9. Qh6 Bf5 10. Be2 Ng8 11. Qe3+ Qe7 12. Qf3 Nf6 13. h3 Nbd7 14. Kf1 b6 15. b4 bxc5 16. bxc5 Rb8 17. Bh6 Ba5 18. Ba6 Ne4 19. Nge2 Ndf6 20. g4 Be6 21. Kg2 g5 22. Rab1 Kd7 23. Nxe4 Nxe4 24. Qa3 Bc7 25. Bb7 Qf6 26. f3 Nd2 27. Bxc6+ Ke7 28. Qe3 Nxf3 29. Qxf3 Qxh6 30. Bxd5 Rhd8 31. Be4 Bxa2 32. Rxb8 Bxb8 33. d5 Qg7 34. Rf1 Bc4 35. Rf2 Be5 36. d6+ Kf8 37. Bd5 Bxd5 38. Qxd5 a5 39. Ng3 Bxg3 40. Kxg3 Qg6 41. d7 Ke7 42. Re2+ Kf8 43. c6 Qf6 44. Qc5+ Kg7 45. Qe5 1-0

[Event "Barbera del Valles op 42nd"]
[Site "Barbera del Valles"]
[Date "2019.07.11"]
[Round "8"]
[White "Vergara Jofre, Felipe Andres"]
[Black "Gonzalez Cuervo, Eloy"]
[Result "1-0"]
[WhiteElo "2332"]
[BlackElo "2049"]
[PlyCount "95"]
[EventDate "2019.07.04"]
[EventType "swiss"]
[EventRounds "9"]
[EventCountry "ESP"]
[SourceTitle "CBM 191 Extra"]
[Source "ChessBase"]
[SourceDate "2019.09.30"]
[SourceVersion "1"]
[SourceVersionDate "2019.09.30"]
[SourceQuality "1"]

1. e4 c5 2. Nf3 Nc6 3. d4 cxd4 4. Nxd4 e5 5. Nb5 d6 6. c4 Be7 7. N5c3 Nf6 8. Bd3 0-0 9. 0-0 Bg4 10. f3 Be6 11. Nd5 Bxd5 12. exd5 Nb4 13. Be2 a5 14. Nc3 Qb6+ 15. Kh1 Nd7 16. a3 Na6 17. Bd3 f5 18. Re1 Rae8 19. Rb1 Rf6 20. Bg5 Rf7 21. Be3 Qd8 22. b4 e4 23. fxe4 f4 24. Bg1 Ne5 25. Be2 Bh4 26. Rf1 axb4 27. axb4 Rf6 28. Nb5 Rh6 29. Nd4 Bg3 30. Nf5 Qg5 31. Nxh6+ Qxh6 32. Bh5 g6 33. hxg3 fxg3 34. Rb3 Qg5 35. Bg4 Nxg4 36. Rxg3 Rxe4 37. Qf3 Qh4+ 38. Rh3 Qe7 39. c5 Nb8 40. cxd6 Qe8 41. Qc3 Nd7 42. Bd4 h5 43. Bh8 Nde5 44. Bxe5 Rxe5 45. Rhf3 Kh7 46. Qc7+ Kh6 47. d7 Qe7 48. d8Q 1-0

[Event "Barbera del Valles op 42nd"]
[Site "Barbera del Valles"]
[Date "2019.07.09"]
[Round "6"]
[White "Laddha, Yash Jayesh"]
[Black "Gonzalez Cuervo, Eloy"]
[Result "0-1"]
[WhiteElo "1592"]
[BlackElo "2049"]
[PlyCount "112"]
[EventDate "2019.07.04"]
[EventType "swiss"]
[EventRounds "9"]
[EventCountry "ESP"]
[SourceTitle "CBM 191 Extra"]
[Source "ChessBase"]
[SourceDate "2019.09.30"]
[SourceVersion "1"]
[SourceVersionDate "2019.09.30"]
[SourceQuality "1"]

1. e4 c5 2. Nf3 Nc6 3. Bb5 g6 4. Bxc6 bxc6 5. 0-0 Bg7 6. c3 e5 7. d4 cxd4 8. cxd4 exd4 9. Nxd4 Ne7 10. Nc3 0-0 11. Be3 f5 12. exf5 Nxf5 13. Nxf5 Rxf5 14. Qb3+ d5 15. Rad1 Ba6 16. Rfe1 Bc4 17. Qc2 Qh4 18. Ne2 Rh5 19. h3 c5 20. b3 Bxe2 21. Rxe2 d4 22. Bc1 Rf8 23. Rde1 Rhf5 24. Bb2 Kh8 25. a3 h5 26. Rf1 Qd8 27. Qd3 g5 28. b4 g4 29. bxc5 Rf3 30. Qg6 R3f5 31. hxg4 Rg5 32. Qd6 Rxg4 33. Qxd8 Rxd8 34. Rd1 Rg8 35. Red2 Be5 36. f4 Bxf4 37. Bxd4+ Kh7 38. Re2 h4 39. Re7+ Kh6 40. Re6+ Kh5 41. Bf2 Rxg2+ 42. Kf1 h3 43. Rd5+ R2g5 44. Rd7 Kg4 45. Rh6 h2 46. Rh4+ Kf3 47. Rd3+ Ke4 48. Rd4+ Ke5 49. Rdxf4 Rg1+ 50. Ke2 h1Q 51. Rxh1 Rxh1 52. Ra4 Rh2 53. Rxa7 Rf8 54. Re7+ Kd5 55. Rd7+ Kc6 56. Rd6+ Kc7 0-1

[Event "Llinars del Valles op-A 13th"]
[Site "Llinars del Valles"]
[Date "2019.06.15"]
[Round "8"]
[White "Gonzalez Cuervo, Eloy"]
[Black "Collazo Gibanel, Sergio"]
[Result "1-0"]
[WhiteElo "2113"]
[BlackElo "1699"]
[PlyCount "105"]
[EventDate "2019.03.30"]
[EventType "swiss"]
[EventRounds "8"]
[EventCountry "ESP"]
[SourceTitle "EXT 2020"]
[Source "ChessBase"]
[SourceDate "2019.10.17"]
[SourceVersion "1"]
[SourceVersionDate "2019.10.17"]
[SourceQuality "1"]

1. e4 d5 2. exd5 Nf6 3. d4 Bg4 4. f3 Bf5 5. Bb5+ c6 6. dxc6 Qa5+ 7. Nc3 Nxc6 8. Nge2 0-0-0 9. Bxc6 bxc6 10. b4 Qc7 11. Bf4 Qb7 12. Qc1 e6 13. Rb1 Nd5 14. Nxd5 Rxd5 15. 0-0 g5 16. Be5 Rg8 17. Nc3 Rd8 18. Na4 Bg7 19. Nc5 Qb6 20. Qe3 Bxe5 21. dxe5 Bxc2 22. Rb2 Bf5 23. Rc1 Rd3 24. Qe2 Rgd8 25. Kh1 R3d4 26. a4 a5 27. g4 Bd3 28. Nxd3 Rxd3 29. Rbc2 Qxb4 30. Rxc6+ Kb8 31. Qc2 Qb7 32. Qc5 Rxf3 33. Kg1 Rb3 34. Qxa5 Qa7+ 35. Qxa7+ Kxa7 36. Rc7+ Rb7 37. Rxb7+ Kxb7 38. Rf1 Rf8 39. h4 gxh4 40. Kg2 Ka6 41. Kh3 Ka5 42. Rf4 h6 43. Kxh4 Rg8 44. Rxf7 Rg5 45. Rf6 Rxe5 46. Rxh6 Re4 47. Kg3 Kxa4 48. g5 e5 49. g6 Re1 50. Rh2 Re3+ 51. Kf2 Re4 52. g7 Rg4 53. Rg2 1-0

[Event "Llinars del Valles op-A 13th"]
[Site "Llinars del Valles"]
[Date "2019.06.01"]
[Round "6"]
[White "Gonzalez Cuervo, Eloy"]
[Black "Salinas Tomas, Daniel"]
[Result "0-1"]
[WhiteElo "2113"]
[BlackElo "1674"]
[PlyCount "78"]
[EventDate "2019.03.30"]
[EventType "swiss"]
[EventRounds "8"]
[EventCountry "ESP"]
[SourceTitle "EXT 2020"]
[Source "ChessBase"]
[SourceDate "2019.10.17"]
[SourceVersion "1"]
[SourceVersionDate "2019.10.17"]
[SourceQuality "1"]

1. e4 c5 2. Nf3 e6 3. d4 cxd4 4. Nxd4 Nf6 5. Nc3 Nc6 6. Nxc6 bxc6 7. e5 Nd5 8. Ne4 Bb7 9. c4 Nb4 10. c5 Qc7 11. f4 Nd5 12. Qa4 a5 13. Bd2 Be7 14. 0-0-0 0-0 15. Kb1 Rfb8 16. Ka1 Ba6 17. Bxa6 Rxa6 18. Qc2 Rb5 19. Rc1 f5 20. Nd6 Bxd6 21. exd6 Qd8 22. h3 Nf6 23. g4 Ne4 24. Be3 a4 25. Bd4 a3 26. b3 Raa5 27. gxf5 exf5 28. Qc4+ Kf8 29. Rhg1 g6 30. b4 Ra4 31. Bc3 Nxc3 32. Qxc3 Kg8 33. Rge1 Rbxb4 34. Re7 Qf8 35. Rxd7 Rc4 36. Re7 Rxc3 37. Rxc3 Qf6 38. Ree3 Re4 39. d7 Qxc3+ 0-1

[Event "Llinars del Valles op-A 13th"]
[Site "Llinars del Valles"]
[Date "2019.05.04"]
[Round "4"]
[White "Gonzalez Cuervo, Eloy"]
[Black "Iglesias Rodriguez, Joel"]
[Result "0-1"]
[WhiteElo "2113"]
[BlackElo "1802"]
[PlyCount "90"]
[EventDate "2019.03.30"]
[EventType "swiss"]
[EventRounds "8"]
[EventCountry "ESP"]
[SourceTitle "EXT 2020"]
[Source "ChessBase"]
[SourceDate "2019.10.17"]
[SourceVersion "1"]
[SourceVersionDate "2019.10.17"]
[SourceQuality "1"]

1. e4 d6 2. d4 Nf6 3. Nc3 g6 4. f4 Bg7 5. h3 c5 6. d5 0-0 7. Nf3 e6 8. Be2 exd5 9. exd5 Bf5 10. 0-0 Re8 11. a4 Ne4 12. Nxe4 Bxe4 13. Ng5 Nd7 14. Nxe4 Rxe4 15. Bd3 Re8 16. Qf3 Qf6 17. c3 a6 18. Bd2 Re7 19. g4 h6 20. Qg2 Bh8 21. Rf3 Rae8 22. Raf1 Nb6 23. g5 hxg5 24. f5 Qe5 25. f6 Rc7 26. Re3 Qxe3+ 27. Bxe3 Rxe3 28. Bc2 Re5 29. h4 Nxd5 30. hxg5 Ne3 31. Qg3 Nxc2 32. Kf2 Rc8 33. Rc1 Ne3 34. Qh3 Rce8 35. Rh1 Nd1+ 36. Rxd1 Rf5+ 37. Qxf5 gxf5 38. Rxd6 Kh7 39. Rd7 Kg6 40. Rxb7 Kxg5 41. Rxf7 Bxf6 42. Rc7 Rb8 43. Rxc5 Rxb2+ 44. Kf3 Rb3 45. Ke2 Rxc3 0-1

[Event "Martorell op 36th"]
[Site "Martorell"]
[Date "2018.10.20"]
[Round "5"]
[White "Garcia Espelta, Josep"]
[Black "Gonzalez Cuervo, Eloy"]
[Result "1/2-1/2"]
[WhiteElo "1994"]
[BlackElo "2113"]
[PlyCount "112"]
[EventDate "2018.09.15"]
[EventType "swiss"]
[EventRounds "9"]
[EventCountry "ESP"]
[SourceTitle "CBM 189 Extra"]
[Source "ChessBase"]
[SourceDate "2019.05.31"]
[SourceVersion "1"]
[SourceVersionDate "2019.05.31"]
[SourceQuality "1"]

1. e4 c5 2. Nf3 Nc6 3. d4 cxd4 4. Nxd4 e5 5. Nb5 d6 6. N1c3 a6 7. Na3 b5 8. Nd5 Be7 9. Bd3 Nf6 10. Nxe7 Qxe7 11. c3 Bg4 12. Be2 Be6 13. Bg5 Rd8 14. Bf3 h6 15. Bxf6 Qxf6 16. Nc2 0-0 17. 0-0 Rd7 18. Ne3 Rfd8 19. Qe2 Ne7 20. Nd5 Bxd5 21. exd5 Qh4 22. Rfd1 f5 23. g3 Qf6 24. a4 Rb7 25. axb5 axb5 26. Qd2 g5 27. Ra5 Ng6 28. Be2 Rdb8 29. b4 g4 30. Rda1 Qf8 31. Ra7 e4 32. Rxb7 Rxb7 33. Ra5 Ne5 34. Qe3 Nf3+ 35. Bxf3 exf3 36. Kf1 Re7 37. Qd3 Qe8 38. Ra1 Qh5 39. Kg1 Kf7 40. Qxb5 Kf6 41. h4 gxh3 42. Kh2 f4 43. Rg1 Re2 44. Qb6 fxg3+ 45. Rxg3 Qe5 46. Qd8+ Kf7 47. Qd7+ Kf8 48. Qd8+ Kf7 49. Qd7+ Kf8 50. Qc8+ Ke7 51. Qc7+ Ke8 52. Qc8+ Ke7 53. Qc7+ Ke8 54. Qb6 Kf7 55. Qc7+ Ke8 56. Qc8+ Ke7 1/2-1/2

[Event "Martorell op 36th"]
[Site "Martorell"]
[Date "2018.09.22"]
[Round "2"]
[White "Alves Garcia, Eric"]
[Black "Gonzalez Cuervo, Eloy"]
[Result "1/2-1/2"]
[WhiteElo "1999"]
[BlackElo "2113"]
[PlyCount "98"]
[EventDate "2018.09.15"]
[EventType "swiss"]
[EventRounds "9"]
[EventCountry "ESP"]
[SourceTitle "CBM 189 Extra"]
[Source "ChessBase"]
[SourceDate "2019.05.31"]
[SourceVersion "1"]
[SourceVersionDate "2019.05.31"]
[SourceQuality "1"]

1. Nf3 d5 2. c4 e6 3. d4 h6 4. Nc3 Nf6 5. Bf4 Bb4 6. Qb3 c5 7. dxc5 Nc6 8. Bd2 0-0 9. e3 Bxc5 10. cxd5 exd5 11. Be2 d4 12. exd4 Nxd4 13. Nxd4 Bxd4 14. Rd1 Qe7 15. Qc4 Bxc3 16. Bxc3 Re8 17. Bb4 Qe5 18. Bc3 Qh5 19. Rd8 Bg4 20. Rxa8 Rxa8 21. Bxf6 Re8 22. f3 Be6 23. Qa4 b5 24. Qxb5 Qxb5 25. Bxb5 Bd7+ 26. Kf2 Bxb5 27. Bd4 Re2+ 28. Kg3 Kh7 29. Rc1 Rd2 30. Bc3 Re2 31. Rd1 Bc4 32. a3 a5 33. Rd4 Bb3 34. Bxa5 Rxb2 35. Rb4 Rb1 36. a4 g5 37. Bd8 f5 38. h4 Kg6 39. hxg5 hxg5 40. a5 Bc2 41. Rxb1 Bxb1 42. a6 Ba2 43. a7 f4+ 44. Kf2 Bd5 45. Ke2 Kf5 46. Bc7 g4 47. fxg4+ Kxg4 48. Bxf4 Kxf4 49. a8Q Bxa8 1/2-1/2

[Event "Benidorm op U2000 15th"]
[Site "Benidorm"]
[Date "2016.12.08"]
[Round "8"]
[White "Gonzalvez Tamarit, Ruben"]
[Black "Gonzalez Cuervo, Eloy"]
[Result "0-1"]
[WhiteElo "1971"]
[BlackElo "1997"]
[PlyCount "76"]
[EventDate "2016.12.02"]
[EventType "swiss"]
[EventRounds "10"]
[EventCountry "ESP"]
[SourceTitle "EXT 2019"]
[Source "ChessBase"]
[SourceDate "2018.10.10"]
[SourceVersion "1"]
[SourceVersionDate "2018.10.10"]
[SourceQuality "1"]

1. e4 g6 2. d4 Bg7 3. Nf3 c6 4. c3 d5 5. exd5 cxd5 6. Bf4 Bg4 7. h3 Bxf3 8. Qxf3 Nc6 9. Bd3 e6 10. 0-0 Nge7 11. Re1 a6 12. Nd2 b5 13. b4 0-0 14. Nb3 Qc8 15. Nc5 Nd8 16. a4 bxa4 17. Rxa4 a5 18. Rea1 f6 19. Qe2 Re8 20. Ba6 Rxa6 21. Qxa6 e5 22. dxe5 Qf5 23. exf6 Bxf6 24. Bd2 d4 25. cxd4 Bxd4 26. Rf1 axb4 27. Nb3 Be5 28. Qc4+ Nf7 29. Bxb4 Nd5 30. Bc5 Nf4 31. Ra7 Re6 32. Nd4 Qe4 33. f3 Ne2+ 34. Nxe2 Qxc4 35. Ra8+ Kg7 36. Bf8+ Kf6 37. f4 Bc7 38. Ng3 Re3 0-1

[Event "Benidorm op U2000 15th"]
[Site "Benidorm"]
[Date "2016.12.03"]
[Round "2"]
[White "Veciana Coronado, Pau"]
[Black "Gonzalez Cuervo, Eloy"]
[Result "0-1"]
[WhiteElo "1869"]
[BlackElo "1997"]
[PlyCount "52"]
[EventDate "2016.12.02"]
[EventType "swiss"]
[EventRounds "10"]
[EventCountry "ESP"]
[SourceTitle "EXT 2019"]
[Source "ChessBase"]
[SourceDate "2018.10.10"]
[SourceVersion "1"]
[SourceVersionDate "2018.10.10"]
[SourceQuality "1"]

1. e4 e6 2. d3 Nc6 3. Nf3 g6 4. g3 Bg7 5. Bg2 Nge7 6. 0-0 0-0 7. Re1 e5 8. c3 d6 9. Nbd2 f5 10. Qb3+ Kh8 11. Ng5 Qe8 12. a4 h6 13. Ne6 Bxe6 14. Qxe6 f4 15. Nf3 Nd8 16. Qh3 Ng8 17. b4 Ne6 18. Bb2 h5 19. g4 Nh6 20. g5 Nf7 21. Qh4 Qe7 22. d4 Nexg5 23. Nxg5 Nxg5 24. Kh1 Bf6 25. dxe5 dxe5 26. Red1 Nxe4 0-1